[Event "Verbandsliga Nordbaden 1920"]
[Site "Baden"]
[Date "2020.02.16"]
[Round "6.3"]
[White "Schrepp, Martin"]
[Black "Beer, Markus"]
[Result "1/2-1/2"]
[WhiteElo "2234"]
[BlackElo "2105"]
[PlyCount "66"]
[EventDate "2019.09.29"]
[EventType "team-tourn"]
[EventRounds "9"]
[EventCountry "GER"]
[SourceTitle "EXT 2021"]
[Source "ChessBase"]
[SourceDate "2020.10.23"]
[SourceVersion "1"]
[SourceVersionDate "2020.10.23"]
[SourceQuality "1"]
[WhiteTeam "Ladenburg"]
[BlackTeam "Eppingen II"]
[WhiteTeamCountry "GER"]
[BlackTeamCountry "GER"]

1. e4 e5 2. Nf3 d6 3. d4 exd4 4. Nxd4 Nf6 5. Nc3 Be7 6. g3 d5 7. exd5 Nxd5 8. Nce2 0-0 9. Bg2 c6 10. h3 Bf6 11. c3 Na6 12. 0-0 Nac7 13. Qb3 Re8 14. Nf4 Nxf4 15. Bxf4 Bxd4 16. cxd4 Nd5 17. Bd2 Rb8 18. Rfe1 Be6 19. Qa3 a6 20. Re5 Qd7 21. Rae1 Nc7 22. Bf4 Rbd8 23. Qa5 Nd5 24. Bd2 Nf6 25. Bg5 Qxd4 26. Bxf6 gxf6 27. R5e4 Qxb2 28. Qh5 f5 29. Re5 Qd2 30. f4 Rd3 31. Qg5+ Kf8 32. Qh6+ Kg8 33. Qg5+ Kf8 1/2-1/2

[Event "Verbandsliga Nordbaden 1920"]
[Site "Baden"]
[Date "2019.09.29"]
[Round "1.4"]
[White "Gehrig, Matthias"]
[Black "Beer, Markus"]
[Result "1-0"]
[WhiteElo "2078"]
[BlackElo "2105"]
[PlyCount "117"]
[EventDate "2019.09.29"]
[EventType "team-tourn"]
[EventRounds "9"]
[EventCountry "GER"]
[SourceTitle "EXT 2021"]
[Source "ChessBase"]
[SourceDate "2020.10.23"]
[SourceVersion "1"]
[SourceVersionDate "2020.10.23"]
[SourceQuality "1"]
[WhiteTeam "Buchen II"]
[BlackTeam "Eppingen II"]
[WhiteTeamCountry "GER"]
[BlackTeamCountry "GER"]

1. e4 c5 2. Nf3 e6 3. d4 cxd4 4. Nxd4 a6 5. c4 Nf6 6. Qd3 Nc6 7. Nc3 Qc7 8. Bg5 Nxd4 9. Qxd4 Bc5 10. Qd2 Ng4 11. Bh4 0-0 12. h3 Ne5 13. Bg3 f6 14. Be2 Rb8 15. a3 b6 16. Rd1 Rd8 17. h4 Bb7 18. h5 b5 19. cxb5 d5 20. bxa6 dxe4 21. Bxe5 fxe5 22. Qc1 Rxd1+ 23. Qxd1 Ba8 24. Nb5 Qc6 25. a7 Bxf2+ 26. Kxf2 e3+ 27. Ke1 Rc8 28. Rh2 Qe4 29. Qd7 Rc1+ 30. Bd1 h6 31. Qxe6+ Kf8 32. Nd6 Rxd1+ 33. Kxd1 Qd3+ 34. Kc1 Qd2+ 35. Kb1 Qd1+ 36. Ka2 Bd5+ 37. Nc4 Bxe6 38. a8Q+ Kf7 39. Qf3+ Qxf3 40. gxf3 e2 41. Rh1 Bxc4+ 42. Kb1 Bd5 43. Kc1 Bxf3 44. Rg1 Bxh5 45. Kd2 g5 46. Rh1 Bf3 47. Rxh6 g4 48. a4 e4 49. a5 Kg7 50. Rh2 e3+ 51. Ke1 g3 52. Rh3 g2 53. Rg3+ Kh6 54. b4 Kh5 55. b5 Kh4 56. Rxg2 Bxg2 57. a6 Bd5 58. b6 Bc4 59. b7 1-0

[Event "Verbandsliga Nordbaden 1819"]
[Site "Baden"]
[Date "2018.10.14"]
[Round "1.4"]
[White "Loukanov, Tsvetomir"]
[Black "Beer, Markus"]
[Result "1-0"]
[WhiteElo "2181"]
[BlackElo "2105"]
[PlyCount "131"]
[EventDate "2018.10.14"]
[EventType "team-tourn"]
[EventRounds "9"]
[EventCountry "GER"]
[SourceTitle "EXT 2020"]
[Source "ChessBase"]
[SourceDate "2019.10.17"]
[SourceVersion "1"]
[SourceVersionDate "2019.10.17"]
[SourceQuality "1"]
[WhiteTeam "Buchen II"]
[BlackTeam "Eppingen II"]
[WhiteTeamCountry "GER"]
[BlackTeamCountry "GER"]

1. Nf3 Nf6 2. d4 d6 3. c4 Nbd7 4. Nc3 e5 5. g3 c6 6. Bg2 Qc7 7. 0-0 Be7 8. e4 0-0 9. h3 a6 10. Qc2 Rb8 11. Be3 b5 12. c5 exd4 13. cxd6 Bxd6 14. Nxd4 g6 15. f4 Bc5 16. e5 Re8 17. Bf2 Nh5 18. Nxc6 Nxg3 19. Bxc5 Nxc5 20. Nd5 Qxc6 21. Ne7+ Rxe7 22. Bxc6 Ne6 23. Rfd1 Nf5 24. Qf2 Rc7 25. Rac1 Ned4 26. Rxd4 Nxd4 27. Qxd4 Bb7 28. e6 Bxc6 29. e7 Re8 30. Qd6 Rcxe7 31. Qxc6 Re6 32. Qb7 R8e7 33. Qc8+ Re8 34. Qd7 R6e7 35. Qg4 f5 36. Qd1 Kg7 37. Qd4+ Kh6 38. Rf1 Re3 39. Kg2 R8e6 40. Rf2 Kh5 41. Rf3 Re1 42. Kg3 h6 43. Rc3 R6e2 44. Qd8 Rg1+ 45. Kf3 Rgg2 46. Qd5 Kh4 47. Qc5 Kxh3 48. Rc1 Kh2 49. Rf1 Rxb2 50. Ke3 Rbe2+ 51. Kd4 Rxa2 52. Ke5 Rac2 53. Qb6 b4 54. Kf6 a5 55. Rf3 Rc3 56. Rf1 b3 57. Qxa5 Rc6+ 58. Kg7 b2 59. Qe1 Kh3 60. Rh1+ Kg4 61. Rh4+ Kf3 62. Rh3+ Kxf4 63. Qe3+ Kg4 64. Qf3+ Kg5 65. Qxg2+ Kf4 66. Rf3+ 1-0

[Event "Verbandsliga Nordbaden 1718"]
[Site "Baden"]
[Date "2018.04.22"]
[Round "8.4"]
[White "Hefner, Felix"]
[Black "Beer, Markus"]
[Result "0-1"]
[WhiteElo "2020"]
[BlackElo "2105"]
[PlyCount "59"]
[EventDate "2017.10.08"]
[EventType "team-tourn"]
[EventRounds "9"]
[EventCountry "GER"]
[SourceTitle "EXT 2019"]
[Source "ChessBase"]
[SourceDate "2018.10.10"]
[SourceVersion "1"]
[SourceVersionDate "2018.10.10"]
[SourceQuality "1"]
[WhiteTeam "Buchen II"]
[BlackTeam "Eppingen II"]
[WhiteTeamCountry "GER"]
[BlackTeamCountry "GER"]

1. d4 d6 2. c4 e5 3. Nf3 e4 4. Ng1 f5 5. Nh3 Nf6 6. Bg5 Be7 7. Nc3 Be6 8. Nf4 Bf7 9. e3 Nbd7 10. Be2 0-0 11. b3 c6 12. g4 fxg4 13. Bxg4 Qa5 14. Bxd7 Qxg5 15. Bh3 Qh4 16. Rg1 Kh8 17. Rg3 g5 18. Ng2 Qh6 19. Bf5 Qxh2 20. Rxg5 Nd5 21. cxd5 Bxg5 22. Bxe4 Qg1+ 23. Kd2 Qxf2+ 24. Kd3 cxd5 25. Nxd5 Bxd5 26. Bxd5 Qf5+ 27. Be4 Qb5+ 28. Kc2 Rac8+ 29. Kb2 Rf2+ 30. Bc2 0-1

[Event "Verbandsliga Nordbaden 1718"]
[Site "Baden"]
[Date "2017.11.05"]
[Round "2.2"]
[White "Beer, Markus"]
[Black "Pyvovar, Igor"]
[Result "1-0"]
[WhiteElo "2105"]
[BlackElo "2144"]
[PlyCount "75"]
[EventDate "2017.10.08"]
[EventType "team-tourn"]
[EventRounds "9"]
[EventCountry "GER"]
[SourceTitle "EXT 2019"]
[Source "ChessBase"]
[SourceDate "2018.10.10"]
[SourceVersion "1"]
[SourceVersionDate "2018.10.10"]
[SourceQuality "1"]
[WhiteTeam "Eppingen II"]
[BlackTeam "Ettlingen II"]
[WhiteTeamCountry "GER"]
[BlackTeamCountry "GER"]

1. e4 c5 2. Nf3 d6 3. d4 cxd4 4. Nxd4 Nf6 5. Nc3 g6 6. Be3 Bg7 7. f3 0-0 8. Qd2 Nc6 9. 0-0-0 Bd7 10. g4 Rc8 11. g5 Nh5 12. Nce2 Ne5 13. Ng3 Qc7 14. Nxh5 gxh5 15. Kb1 e6 16. f4 Nc4 17. Bxc4 Qxc4 18. Rhf1 Rfd8 19. f5 e5 20. b3 Qc3 21. Ne2 Qc6 22. Qd3 h4 23. Bf2 a5 24. Bxh4 Re8 25. g6 hxg6 26. Rg1 Qc5 27. fxg6 f5 28. exf5 Rf8 29. Ng3 d5 30. Rgf1 Bb5 31. c4 dxc4 32. Qd5+ Qxd5 33. Rxd5 Bc6 34. Rxa5 cxb3 35. axb3 b6 36. Ra7 Bb5 37. Rf3 e4 38. f6 1-0

[Event "Verbandsliga Nordbaden 1617"]
[Site "Baden"]
[Date "2017.05.14"]
[Round "9.4"]
[White "Pfatteicher, Lukas"]
[Black "Beer, Markus"]
[Result "1-0"]
[WhiteElo "2216"]
[BlackElo "2105"]
[PlyCount "71"]
[EventDate "2016.10.09"]
[EventType "team-tourn"]
[EventRounds "9"]
[EventCountry "GER"]
[SourceTitle "EXT 2022"]
[Source "ChessBase"]
[SourceDate "2021.10.06"]
[SourceVersion "1"]
[SourceVersionDate "2021.10.06"]
[SourceQuality "1"]
[WhiteTeam "Karlsruhe"]
[BlackTeam "Eppingen II"]
[WhiteTeamCountry "GER"]
[BlackTeamCountry "GER"]

1. g3 e5 2. c4 Nf6 3. Bg2 d5 4. cxd5 Nxd5 5. Nc3 Nb6 6. Nf3 Nc6 7. d3 Be7 8. Be3 Bg4 9. Rc1 Qd7 10. 0-0 Rd8 11. Ne4 Nd5 12. Qb3 Na5 13. Qc2 Bxf3 14. Bxf3 b6 15. Bd2 Nb7 16. Nc3 c6 17. a3 Nf6 18. Qa4 b5 19. Qa6 Rc8 20. b4 Rc7 21. Nxb5 cxb5 22. Rxc7 Qxc7 23. Qxb5+ Kf8 24. Qxb7 Qxb7 25. Bxb7 Bd6 26. Be3 a5 27. bxa5 Ng4 28. Bb6 Ke7 29. a6 Bb8 30. a7 Bxa7 31. Bxa7 Rd8 32. Bf3 Nf6 33. Rb1 Kd6 34. Rb6+ Ke7 35. Rb7+ Ke6 36. a4 1-0

[Event "Verbandsliga Nordbaden 1617"]
[Site "Baden"]
[Date "2016.12.11"]
[Round "4.4"]
[White "Beer, Markus"]
[Black "Schulenburg, Bernd"]
[Result "1/2-1/2"]
[WhiteElo "2105"]
[BlackElo "2148"]
[PlyCount "109"]
[EventDate "2016.10.09"]
[EventType "team-tourn"]
[EventRounds "9"]
[EventCountry "GER"]
[SourceTitle "EXT 2022"]
[Source "ChessBase"]
[SourceDate "2021.10.06"]
[SourceVersion "1"]
[SourceVersionDate "2021.10.06"]
[SourceQuality "1"]
[WhiteTeam "Eppingen II"]
[BlackTeam "Heidelberg"]
[WhiteTeamCountry "GER"]
[BlackTeamCountry "GER"]

1. e4 e5 2. Nf3 Nc6 3. Bb5 a6 4. Bxc6 dxc6 5. 0-0 Bd6 6. d4 Qe7 7. Be3 Bg4 8. Nbd2 0-0-0 9. c3 f6 10. Qc2 h5 11. dxe5 Bxe5 12. b4 Nh6 13. Nxe5 fxe5 14. f3 Be6 15. a4 Nf7 16. Rfb1 Qd6 17. Kf2 Qd3 18. Qxd3 Rxd3 19. Rc1 b6 20. Ke2 Rdd8 21. c4 Kb7 22. Rc3 Ra8 23. Rac1 a5 24. b5 c5 25. Bf2 Rad8 26. Nf1 Kc8 27. Ne3 g5 28. Nd5 Bxd5 29. exd5 Rde8 30. Re3 Re7 31. Re1 Kd7 32. Kd3 h4 33. R1e2 Kd6 34. Be1 Rhe8 35. Re4 Rg8 36. g3 hxg3 37. hxg3 Rge8 38. Bd2 Kd7 39. Rh2 Nd6 40. Rg4 Rf7 41. Rxg5 Rxf3+ 42. Ke2 Rf7 43. Rh4 e4 44. Bf4 Nxc4 45. Rh6 Ree7 46. Rc6 Rh7 47. Rxc7+ Ke8 48. Rg8+ Kf7 49. Rcc8 Rd7 50. Rcf8+ Ke7 51. Re8+ Kf7 52. Ref8+ Ke7 53. Re8+ Kf7 54. Rgf8+ Kg7 55. Rg8+ 1/2-1/2

[Event "Dortmund Sparkassen op-A"]
[Site "Dortmund"]
[Date "2010.07.17"]
[Round "1"]
[White "Beer, Markus"]
[Black "Kern, Guido"]
[Result "1-0"]
[WhiteElo "2024"]
[BlackElo "2375"]
[PlyCount "104"]
[EventDate "2010.07.17"]
[EventType "swiss"]
[EventRounds "9"]
[EventCountry "GER"]
[SourceTitle "CBM 137 Extra"]
[Source "ChessBase"]
[SourceDate "2010.09.01"]
[SourceVersion "1"]
[SourceVersionDate "2010.09.01"]
[SourceQuality "1"]

1. e4 e6 2. d4 d5 3. Nd2 Nc6 4. Ngf3 Nf6 5. e5 Nd7 6. Bd3 Nb4 7. Be2 c5 8. c3 Nc6 9. 0-0 g6 10. Re1 Bg7 11. Nf1 0-0 12. h4 cxd4 13. cxd4 f6 14. exf6 Nxf6 15. Bb5 Qb6 16. Bxc6 bxc6 17. Ng3 Ng4 18. h5 e5 19. hxg6 hxg6 20. Be3 Nxe3 21. fxe3 Bg4 22. Qc2 Bxf3 23. gxf3 Rxf3 24. Qxg6 c5 25. Qg4 Rxg3+ 26. Qxg3 cxd4 27. Rad1 Re8 28. Re2 Re7 29. Rc1 Qa6 30. Rec2 Qh6 31. exd4 Re6 32. Rc8+ Kh7 33. Qh2 Qxh2+ 34. Kxh2 exd4 35. R8c7 Kh6 36. R7c6 Be5+ 37. Kg2 Bd6 38. Rd1 Rg6+ 39. Kf1 Rf6+ 40. Ke2 Re6+ 41. Kd3 Kg5 42. Kxd4 Be5+ 43. Kxd5 Re7 44. Rg1+ Kf5 45. Rf1+ Kg5 46. Re6 Rxe6 47. Kxe6 Bxb2 48. Kd5 Kg6 49. Rf3 a5 50. a4 Kg7 51. Kc4 Bc1 52. Rd3 Kf7 1-0

[Event "Dortmund op-A"]
[Site "Dortmund"]
[Date "2007.06.23"]
[Round "2"]
[White "Beer, Markus"]
[Black "Rosenauer, Horst"]
[Result "1-0"]
[WhiteElo "1959"]
[BlackElo "1810"]
[PlyCount "133"]
[EventDate "2007.06.22"]
[EventType "swiss"]
[EventRounds "9"]
[EventCountry "GER"]
[SourceTitle "EXT 2008"]
[Source "ChessBase"]
[SourceDate "2007.11.25"]
[SourceVersion "1"]
[SourceVersionDate "2007.11.25"]
[SourceQuality "1"]

1. e4 e5 2. Nf3 Nc6 3. Bb5 a6 4. Bxc6 dxc6 5. 0-0 f6 6. d4 exd4 7. Nxd4 c5 8. Nb3 Qxd1 9. Rxd1 Bd7 10. Bf4 0-0-0 11. Nc3 g5 12. Bg3 Be6 13. Rxd8+ Kxd8 14. Rd1+ Kc8 15. Nd5 Bxd5 16. Rxd5 b6 17. f3 Ne7 18. Rd1 Nc6 19. Nd2 Be7 20. Nf1 Rd8 21. Rxd8+ Bxd8 22. Ne3 Kd7 23. h4 b5 24. Kh2 Nd4 25. Kh3 Ke6 26. Kg4 c6 27. hxg5 fxg5 28. Kh5 Ne2 29. Nf5 Bf6 30. c3 Nxg3+ 31. Nxg3 b4 32. Ne2 a5 33. g3 c4 34. f4 c5 35. Kh6 gxf4 36. gxf4 a4 37. a3 bxa3 38. bxa3 Bd8 39. Kxh7 Kf6 40. Kh6 Ba5 41. Kh5 Bc7 42. Kg4 Ba5 43. Kf3 Ke6 44. Ke3 Bd8 45. e5 Kd5 46. Ng3 Ba5 47. Ne4 Bc7 48. Nf6+ Ke6 49. Ke4 Bd8 50. f5+ Kf7 51. Kd5 Bc7 52. Ne4 Bd8 53. Kxc5 Bh4 54. Kxc4 Be7 55. Nd6+ Kf8 56. Kb5 Bh4 57. Kxa4 Bg3 58. Nc4 Ke7 59. Kb5 Be1 60. Kb4 Bf2 61. a4 Ba7 62. a5 Kd7 63. Kb5 Bf2 64. a6 Kc7 65. f6 Bh4 66. Nd6 Kb8 67. c4 1-0

[Event "Dortmund op-A"]
[Site "Dortmund"]
[Date "2007.06.22"]
[Round "1"]
[White "Rueberg, Jobst"]
[Black "Beer, Markus"]
[Result "1-0"]
[WhiteElo "2242"]
[BlackElo "1959"]
[PlyCount "62"]
[EventDate "2007.06.22"]
[EventType "swiss"]
[EventRounds "9"]
[EventCountry "GER"]
[SourceTitle "EXT 2008"]
[Source "ChessBase"]
[SourceDate "2007.11.25"]
[SourceVersion "1"]
[SourceVersionDate "2007.11.25"]
[SourceQuality "1"]

1. e4 e5 2. Nf3 d6 3. d4 exd4 4. Nxd4 Nf6 5. Nc3 Be7 6. Be2 0-0 7. 0-0 Re8 8. Re1 Bf8 9. Bf1 Nbd7 10. Bg5 c6 11. Qd2 Ne5 12. Rad1 h6 13. Bh4 Ng6 14. Bg3 Nh5 15. a4 Nxg3 16. hxg3 Qc7 17. Nb3 Be6 18. Nd4 Bd7 19. Be2 Rad8 20. Kh1 Bc8 21. f4 a6 22. Bf3 Ne7 23. Qf2 f5 24. e5 Ng6 25. e6 Qb6 26. Qd2 d5 27. Bh5 Kh7 28. Qd3 Nxf4 29. Qxf5+ g6 30. Qf7+ Kh8 31. gxf4 gxh5 1-0

[Event "Bielefeld Gr4"]
[Site "Bielefeld"]
[Date "2007.05.28"]
[Round "7"]
[White "Grzonka, Raphael"]
[Black "Beer, Markus"]
[Result "1/2-1/2"]
[WhiteElo "1796"]
[BlackElo "1959"]
[PlyCount "44"]
[EventDate "2007.05.25"]
[EventType "tourn"]
[EventRounds "7"]
[EventCountry "GER"]
[SourceTitle "EXT 2008"]
[Source "ChessBase"]
[SourceDate "2007.11.25"]
[SourceVersion "1"]
[SourceVersionDate "2007.11.25"]
[SourceQuality "1"]

1. e4 e5 2. Nf3 d6 3. d4 exd4 4. Nxd4 Nf6 5. Nc3 Be7 6. Bc4 0-0 7. 0-0 Re8 8. Bf4 Nbd7 9. Re1 Bf8 10. Qd2 a6 11. Rad1 Ne5 12. Bxe5 dxe5 13. Nf3 Qxd2 14. Rxd2 Bd6 15. Ng5 Re7 16. a4 h6 17. Nf3 Bd7 18. Rd3 Bb4 19. Bb3 Bc6 20. Nd2 Nd7 21. Nd5 Bxd5 22. Rxd5 c6 1/2-1/2

[Event "Bielefeld Gr4"]
[Site "Bielefeld"]
[Date "2007.05.26"]
[Round "3"]
[White "Beer, Markus"]
[Black "Elefteriadis, Paul Gabriel"]
[Result "1-0"]
[WhiteElo "1959"]
[BlackElo "1990"]
[PlyCount "63"]
[EventDate "2007.05.25"]
[EventType "tourn"]
[EventRounds "7"]
[EventCountry "GER"]
[SourceTitle "EXT 2008"]
[Source "ChessBase"]
[SourceDate "2007.11.25"]
[SourceVersion "1"]
[SourceVersionDate "2007.11.25"]
[SourceQuality "1"]

1. e4 e5 2. Nf3 Nc6 3. Bb5 Nf6 4. 0-0 Nxe4 5. Re1 Nd6 6. Nxe5 Nxe5 7. Rxe5+ Be7 8. Bf1 0-0 9. d4 Bf6 10. Re1 Nf5 11. c3 d5 12. Bf4 Nd6 13. Bd3 Re8 14. Rxe8+ Qxe8 15. Bxd6 cxd6 16. Nd2 Be6 17. Qc2 g6 18. Re1 Qd7 19. f4 Re8 20. Nf1 Qc6 21. Ne3 Bg7 22. Kf2 f5 23. Qb3 a6 24. g3 b5 25. Be2 Bf7 26. Bf3 Re4 27. Bxe4 dxe4 28. d5 Qc5 29. a4 bxa4 30. Qxa4 Bxd5 31. Qxa6 Bf6 32. Rd1 1-0

[Event "Bielefeld Gr4"]
[Site "Bielefeld"]
[Date "2007.05.26"]
[Round "2"]
[White "Szobries, Harald"]
[Black "Beer, Markus"]
[Result "1/2-1/2"]
[WhiteElo "1862"]
[BlackElo "1959"]
[PlyCount "93"]
[EventDate "2007.05.25"]
[EventType "tourn"]
[EventRounds "7"]
[EventCountry "GER"]
[SourceTitle "EXT 2008"]
[Source "ChessBase"]
[SourceDate "2007.11.25"]
[SourceVersion "1"]
[SourceVersionDate "2007.11.25"]
[SourceQuality "1"]

1. e4 e5 2. Nc3 d6 3. Bc4 Nf6 4. d3 Be7 5. Nf3 Bg4 6. Be3 Nc6 7. a3 0-0 8. h3 Be6 9. 0-0 d5 10. exd5 Nxd5 11. Bb5 Nxc3 12. bxc3 f6 13. Qe2 Na5 14. d4 e4 15. Bf4 a6 16. Bd3 f5 17. Nd2 g5 18. Bh2 Qd5 19. Rfe1 Rf6 20. Nxe4 fxe4 21. Bxe4 Qd7 22. d5 Bf7 23. Bxh7+ Kxh7 24. Qxe7 Qxe7 25. Rxe7 Kg6 26. Rxc7 Bxd5 27. Rc5 Bxg2 28. Kxg2 b6 29. Rc7 Rd8 30. Be5 Re6 31. Bd4 b5 32. Kf1 Nc4 33. a4 Nd2+ 34. Kg2 b4 35. Be3 bxc3 36. Rxc3 Ne4 37. Rc7 Rdd6 38. c4 Rc6 39. Rxc6 Rxc6 40. Rc1 Kf5 41. Kf3 Nc5 42. Bxc5 Rxc5 43. Ke3 Ke6 44. Kd4 Kd6 45. Rb1 Kc6 46. Rb8 Rf5 47. a5 1/2-1/2

[Event "Bielefeld Gr4"]
[Site "Bielefeld"]
[Date "2007.05.25"]
[Round "1"]
[White "Beer, Markus"]
[Black "Lennartz, Christina"]
[Result "1/2-1/2"]
[WhiteElo "1959"]
[BlackElo "1796"]
[PlyCount "77"]
[EventDate "2007.05.25"]
[EventType "tourn"]
[EventRounds "7"]
[EventCountry "GER"]
[SourceTitle "EXT 2008"]
[Source "ChessBase"]
[SourceDate "2007.11.25"]
[SourceVersion "1"]
[SourceVersionDate "2007.11.25"]
[SourceQuality "1"]

1. e4 c5 2. Nf3 e6 3. d4 cxd4 4. Nxd4 a6 5. Be3 Nc6 6. Nc3 Bb4 7. a3 Bxc3+ 8. bxc3 Qa5 9. Qd2 Nf6 10. f3 Qc7 11. Be2 d5 12. Nxc6 bxc6 13. e5 Nd7 14. f4 f6 15. Bg4 Nb6 16. exf6 Nc4 17. fxg7 Qxg7 18. Qd4 e5 19. Bh5+ Kd8 20. fxe5 Qxg2 21. Rg1 Qxc2 22. e6 Nxe3 23. Qxh8+ Kc7 24. Qe5+ Kb6 25. Qxe3+ c5 26. Qe5 Bb7 27. Rg7 Rc8 28. e7 d4 29. e8Q Qxc3+ 30. Kf2 Rxe8 31. Qc7+ Kb5 32. Rb1+ Kc4 33. Bf7+ Kd3 34. Rd1+ Kc2 35. Rc1+ Kxc1 36. Bxe8 Qe3+ 37. Kf1 Qf3+ 38. Ke1 Qe3+ 39. Kf1 1/2-1/2

[Event "NRW-ch U18"]
[Site "Kranenburg"]
[Date "2007.04.13"]
[Round "6"]
[White "Beer, Markus"]
[Black "Klein, Felix"]
[Result "1/2-1/2"]
[WhiteElo "1977"]
[BlackElo "2194"]
[PlyCount "79"]
[EventDate "2007.04.09"]
[EventType "swiss"]
[EventRounds "7"]
[EventCountry "GER"]
[SourceTitle "EXT 2008"]
[Source "ChessBase"]
[SourceDate "2007.11.25"]
[SourceVersion "1"]
[SourceVersionDate "2007.11.25"]
[SourceQuality "1"]

1. e4 c5 2. Nf3 e6 3. d4 cxd4 4. Nxd4 a6 5. Nc3 Qc7 6. Bd3 Nf6 7. f4 b5 8. e5 b4 9. Ne4 Nxe4 10. Bxe4 Nc6 11. Nxc6 dxc6 12. Be3 Bb7 13. Qf3 Be7 14. 0-0 g6 15. Qf2 0-0 16. Bb6 Qc8 17. Rad1 Rb8 18. Ba7 Ra8 19. Bb6 c5 20. Bxb7 Qxb7 21. Bxc5 Bxc5 22. Qxc5 Rac8 23. Qf2 a5 24. Rd2 Qe4 25. Qe2 Qc6 26. Qe3 Qa4 27. Qb3 Qb5 28. Qd3 Qc5+ 29. Rff2 Rc6 30. Kf1 Rfc8 31. g4 h6 32. Qe4 Qe7 33. h3 Rc4 34. Qe3 Qb7 35. Kg1 a4 36. f5 g5 37. fxe6 fxe6 38. Qd3 Qe4 39. Qd8+ Rxd8 40. Rxd8+ 1/2-1/2